000 00708nam a22002417a 4500
003 UA-OsUOA
001 28561
007 ta
008 20050408b un ||||| |||| 00| 0 ukr d
090 _a82.09(477)
_bН37
942 _cBK
040 _aUA-OsUOA
_bukr
_cUA-OsUOA
_dUA-OsUOA
245 _aНаш перворозум Григорій Сковорода на портреті і в житті
_bФотокнига
_cУпор. В.СтадниченкоУпор. М.Шудря
300 _a179 с.
_bІлюстрації
955 _a0
041 _aukr
080 _a82.09(477)
020 _a966-512-176-6
260 _aК.
_bСпалах
_c2004
044 _aUA
650 7 _2UDC
999 _c314930
_d314930